=LDR 00000nam 2200000 4500 =001 INLIS000000000016660 =005 20141220153647.0 =006 =007 =008 Ind =035 ##$$0010-061300000016660 =041 ##$$a Ind =082 ##$$a 410.04 =090 ##$$a 410.04, Eko a =100 ##$$a Ekom, Sus Indah =245 ##$$a Apresiasi bahasa dan sastra Indonesia untuk SLTP, Sus Indah Eko M. S.Pd =260 ##$$a 2003 $b Jakarta =300 ##$$a ...jil, ilus, 24 cm =650 ##$$a Bahasa Indonesia-Apresiasi =850 ##$$a NBPNMAT =990 ##$$a 21601693/BPAP-NTB/2017